000 01043nam a22003497a 4500
001 BR2017000788
003 BR-BrBNA
005 20230928105052.0
007 ta
008 230509b bl.||||| |||| 00| 0 por d
040 _aBR-BrBNA
_bpor
_cBiblioteca Nacional de Agricultura
041 _a(Por)
072 _aP01; J12; E14
090 _ P01 BR2017000788
100 1 _aViana, V.M.
100 1 _aFreitas, A.G. de
100 1 _aCaffer, M.M.
100 1 _aSuiter Filho, W.
100 1 _aArmelin, M.J.C.
100 1 _aSimões, L.L. (org.)
110 1 _aConselho Nacional da Reserva da Biosfera da Mata Atlântica, São Paulo, SP (Brasil)
_92652
245 1 _aCertificação florestal
_bSérie Políticas Públicas, 23
260 3 _aSão Paulo, SP (Brasil):
_c2003.
300 _a98 p.
500 _aGlossary p. 87-98; 5 illus
650 _aREGULAMENTAÇÃO
650 _aRESERVA FLORESTAL
650 _aPRODUTO FLORESTAL
650 _aDESENVOLVIMENTO SUSTENTÁVEL
909 _a202309
_bLucia
_c55
_dLucia Elande
942 _cBK
999 _c83240
_d83240